|
|
|
|
| LEADER |
00000cam a2200000 7i4500 |
| 001 |
0000001383 |
| 005 |
20070718.0 |
| 020 |
|
|
|a 983143546X
|
| 090 |
0 |
0 |
|a JP
|b ENG (1609)
|
| 100 |
1 |
|
|a Chung, Carole
|
| 245 |
1 |
0 |
|a Here Kitty,Kitty!
|c Carole Chung
|
| 260 |
|
|
|a Petaling Jaya :
|b Penerbit Mega Setia Emas Sdn.Bhd ,
|c 2003
|
| 440 |
|
|
|a Junior steps readers
|
| 650 |
|
0 |
|a Animal fiction
|
| 650 |
|
0 |
|a Junior preschool
|x English
|x Languages
|
| 999 |
|
|
|a 0000007490
|b Book
|c Children Collection
|e Cawangan Taman Universiti
|
| 999 |
|
|
|a 0000966835
|b Book
|c Children Collection
|e Cawangan Bukit Gambir
|
| 999 |
|
|
|a 0000966837
|b Book
|c Children Collection
|e Perbadanan Perpustakaan Awam Johor
|
| 999 |
|
|
|a 0000966839
|b Book
|c Children Collection
|e Perbadanan Perpustakaan Awam Johor
|
| 999 |
|
|
|a 0001053707
|b Book
|c Children Collection
|e Cawangan Segamat
|
| 999 |
|
|
|a 0001053708
|b Book
|c Children Collection
|e Cawangan Segamat
|